| 000 | 01263nam1a22002771 4500 | ||
|---|---|---|---|
| 001 | rc\2836755 | ||
| 005 | 20110627205709.0 | ||
| 035 | _a(NLR Aleph) 006994483 | ||
| 090 |
_a5659148 _c5659148 |
||
| 100 | _a20110627d1930 |||y0rusy50 ca | ||
| 101 | 0 | _arus | |
| 102 | _aRU | ||
| 105 | _ay z ||||| | ||
| 200 | 1 |
_aИстория моего современника _eТ. I- |
|
| 210 |
_aМосква _aЛенинград _cЗемля и фабрика _d1930 |
||
| 215 | _d18 см | ||
| 225 | 1 |
_aСобрание сочинений _fВ.Г. Короленко _vКн. 13 |
|
| 300 | _aНа тит. л.: В.Г. Короленко. Собрание сочинений. С портр. авт., с автобиографией, со вступ. ст. А.В. Луначарского, со ст. и коммент. А.В. Ефремина. Кн. 13 | ||
| 700 | 1 |
_aКороленко _bВ. Г. _f1853-1921 _gВладимир Галактионович |
|
| 702 | 1 |
_aЛуначарский _bА. В. _f1875-1933 _gАнатолий Васильевич _4080 |
|
| 702 | 1 |
_aЕфремин _bА. В. _f1888- _gАлександр Владимирович _4212 |
|
| 801 | 0 |
_aRU _bNLR _gpsbo |
|
| 801 | 1 |
_aRU _bELAR _2rusmarc |
|
| 852 |
_aNLR _bЛ _j30 В-3/240 |
||
| 942 | _cBOOK | ||
| 980 | _aNB | ||